Trabajando con Jóvenes Tenistas.

-д хадгалсан:
Номзүйн дэлгэрэнгүй
Үндсэн зохиолч: Crespo, Miguel (autor)
Бусад зохиолчид: Granitto, Gustavo (autor), Miley, Dave (autor), Guillem, Sergio (traducción)
Формат: Ном
Хэвлэсэн: London, England: International Tennis Federation, 2002.
Нөхцлүүд:
Шошгууд: Шошго нэмэх
Шошго байхгүй, Энэхүү баримтыг шошголох эхний хүн болох!

MARC

LEADER 00000nam a22000007a 4500
003 CL-VaPUC
005 20240508162912.0
008 240425t2002 ||||| |||| 00| 0 eng d
999 |c 443627  |d 443625 
020 |a 1-903013-06-2 
040 |c Pontificia Universidad Católica de Valparaíso 
082 |2 22  |a 796.3420835 CRE 2002 
100 1 |a Crespo, Miguel  |e autor  |9 888597 
245 |a Trabajando con Jóvenes Tenistas. 
260 |a London, England:  |b International Tennis Federation,  |c 2002. 
300 |a 128 páginas. 
500 |a c.1-10. Donación Arturo Torres Chavez. Memo Donación 15-04-2024 
583 |c 20240425  |k Catalogador Asistente 
650 0 |9 308192  |a Tenis  |x Entrenamiento   |x Jugadores jóvenes  
650 0 |9 888742  |a Enseñanza del tenis   |v Manual para entrenadores   |x Niños (10-14 años) 
700 |a Granitto, Gustavo  |e autor  |9 888598 
700 |a Miley, Dave  |e autor  |9 888599 
700 |a Guillem, Sergio  |e traducción  |9 888622 
942 |2 ddc  |c BK 
952 |0 0  |1 0  |2 ddc  |4 0  |6 796_342083500000000_CRE_2002  |7 0  |8 A  |9 594273  |a BIBEDU  |b BIBEDU  |d 2024-04-25  |e Donación  |i 5660832  |l 1  |o 796.3420835 CRE 2002  |p 5660832  |r 2024-11-29  |s 2024-11-20  |t 1  |w 2024-04-25  |y BK  |k EFI 
952 |0 0  |1 0  |2 ddc  |4 0  |6 796_342083500000000_CRE_2002  |7 0  |8 A  |9 594274  |a BIBEDU  |b BIBEDU  |d 2024-04-25  |e Donación  |i 5660833  |o 796.3420835 CRE 2002  |p 5660833  |r 2024-04-25  |t 2  |w 2024-04-25  |y BK  |k EFI 
952 |0 0  |1 0  |2 ddc  |4 0  |6 796_342083500000000_CRE_2002  |7 0  |8 A  |9 594275  |a BIBEDU  |b BIBEDU  |d 2024-04-25  |e Donación  |i 5660834  |o 796.3420835 CRE 2002  |p 5660834  |r 2024-04-25  |t 3  |w 2024-04-25  |y BK  |k EFI 
952 |0 0  |1 0  |2 ddc  |4 0  |6 796_342083500000000_CRE_2002  |7 0  |8 A  |9 594276  |a BIBEDU  |b BIBEDU  |d 2024-04-25  |e Donación  |i 5660835  |o 796.3420835 CRE 2002  |p 5660835  |r 2024-04-25  |t 4  |w 2024-04-25  |y BK  |k EFI 
952 |0 0  |1 0  |2 ddc  |4 0  |6 796_342083500000000_CRE_2002  |7 0  |8 A  |9 594277  |a BIBEDU  |b BIBEDU  |d 2024-04-25  |e Donación  |i 5660836  |o 796.3420835 CRE 2002  |p 5660836  |r 2024-04-25  |t 5  |w 2024-04-25  |y BK  |k EFI 
952 |0 0  |1 0  |2 ddc  |4 0  |6 796_342083500000000_CRE_2002  |7 0  |8 A  |9 594278  |a BIBEDU  |b BIBEDU  |d 2024-04-25  |e Donación  |i 5660837  |o 796.3420835 CRE 2002  |p 5660837  |r 2024-04-25  |t 6  |w 2024-04-25  |y BK  |k EFI 
952 |0 0  |1 0  |2 ddc  |4 0  |6 796_342083500000000_CRE_2002  |7 0  |8 A  |9 594279  |a BIBEDU  |b BIBEDU  |d 2024-04-25  |e Donación  |i 5660838  |o 796.3420835 CRE 2002  |p 5660838  |r 2024-04-25  |t 7  |w 2024-04-25  |y BK  |k EFI 
952 |0 0  |1 0  |2 ddc  |4 0  |6 796_342083500000000_CRE_2002  |7 0  |8 A  |9 594281  |a BIBEDU  |b BIBEDU  |d 2024-04-25  |e Donación  |i 5660839  |o 796.3420835 CRE 2002  |p 5660839  |r 2024-04-25  |t 8  |w 2024-04-25  |y BK  |k EFI 
952 |0 0  |1 0  |2 ddc  |4 0  |6 796_342083500000000_CRE_2002  |7 0  |8 A  |9 594282  |a BIBEDU  |b BIBEDU  |d 2024-04-25  |e Donación  |i 5660910  |o 796.3420835 CRE 2002  |p 5660910  |r 2024-04-25  |t 9  |w 2024-04-25  |y BK  |k EFI 
952 |0 0  |1 0  |2 ddc  |4 0  |6 796_342083500000000_CRE_2002  |7 0  |8 A  |9 594283  |a BIBEDU  |b BIBEDU  |d 2024-04-25  |e Donación  |i 5660911  |o 796.3420835 CRE 2002  |p 5660911  |r 2024-04-25  |t 10  |w 2024-04-25  |y BK  |k EFI